La transacción extrajudicial en materia laboral (Registro nro. 22646)
[ vista simple ]
| 000 -Cabecera | |
|---|---|
| Campo de control interno | 03088nam a2200349 4500 |
| 001 - Número de control | |
| control field | ESSALUD |
| 005 - Fecha y hora de la última transacción | |
| Campo de control | 20260703161932.0 |
| 007 - Tipo material - Descripcion fisica - info general | |
| Tipo material - Descripcion fisica - info general | ta |
| 008 - Elementos de Longitud Fija - Información General | |
| Elementos de Longitud Fija - Información | t pe ||||| |||| 00| 0 spa d |
| 040 ## - Origen de la Catalogación | |
| Origen de la Catalogación | BMG |
| 041 ## - Idioma | |
| Idioma | spa |
| 100 ## - Autor | |
| Autor | Arrivasplata Reyes, Fátima Deyanira |
| Rol del Autor | Autor |
| 9 (RLIN) | 47309 |
| 245 ## - Titulo | |
| Titulo | La transacción extrajudicial en materia laboral |
| Subtitulo | ¿Renuncia encubierta o ejercicio legítimo de disponibilidad de derechos? |
| 300 ## - Páginas | |
| Paginación | páginas 119-126 |
| 520 ## - Resumen | |
| Resumen | En el presente trabajo los autores analizan la relación entre el principio<br/>constitucional de irrenunciabilidad de derechos laborales y la validez de la transacción<br/>extrajudicial, a propósito de la Casación Laboral Nº 15429-2022-lca. El estudio<br/>examina la naturaleza jurídica de la transacción como contrato oneroso sustentado<br/>en concesiones recíprocas sobre derechos litigiosos o dudosos, diferenciándola de la<br/>renuncia unilateral y gratuita proscrita por el ordenamiento laboral. Asimismo, se aborda<br/>la distinción entre irrenunciabilidad e indisponibilidad de derechos y se evalúa la<br/>compatibilidad del acuerdo con el test de disponibilidad previsto en el artículo 30 de la<br/>Nueva Ley Procesal del Trabajo. Se concluye que la transacción analizada no vulnera el<br/>principio de irrenunciabilidad, al no implicar abdicación unilateral de un derecho cierto<br/>e imperativo. <br/> |
| 520 ## - Resumen | |
| Resumen | In the present work, the authors analyze the relationship between the constitutional principle<br/>of the non-waivability af labor rights and the validity of extrajudicial settlements, in light of Labor<br/>Cassation No. 15429-2022-lca. The study examines the legal nature of settlement as an onerous<br/>contract based on reciprocal concessions concerning disputed or uncertain rights, distinguishing it<br/>from the unilateral and gratuitous waiver prohibited by the labor legal system. lt also addresses the<br/>distinction between nan-waivability and the unavailability of rights, and evaluates the compatibility<br/>of the agreement with the availability test established in Article 30 of the New Labor Procedural Law.<br/>lt is concluded that the settlement analyzed does not violate the principle of non-waivability, as it does<br/>not entail the unilateral abdication of a certain and mandatory right.<br/> |
| 650 ## - Temas - Descriptores | |
| Temas - Descriptores | CASACIÓN LABORAL |
| 9 (RLIN) | 53302 |
| 650 ## - Temas - Descriptores | |
| Temas - Descriptores | TRANSACCIÓN EXTRAJUDICIAL |
| 9 (RLIN) | 53303 |
| 650 ## - Temas - Descriptores | |
| Temas - Descriptores | PRINCIPIO DE IRRENUNCIABILIDAD |
| 9 (RLIN) | 53304 |
| 650 ## - Temas - Descriptores | |
| Temas - Descriptores | TEST DE DISPONIBILIDAD DE DERECHOS |
| 9 (RLIN) | 53305 |
| 650 ## - Temas - Descriptores | |
| Temas - Descriptores | ACTO JURÍDICO LABORAL |
| 9 (RLIN) | 53306 |
| 650 ## - Temas - Descriptores | |
| Temas - Descriptores | DERECHOS LABORALES LITIGIOSOS |
| 9 (RLIN) | 53307 |
| 650 ## - Temas - Descriptores | |
| Temas - Descriptores | LABOR CASSATION |
| 9 (RLIN) | 53308 |
| 650 ## - Temas - Descriptores | |
| Temas - Descriptores | EXTRAJUDICIAL SETTLEMENT |
| 9 (RLIN) | 53309 |
| 650 ## - Temas - Descriptores | |
| Temas - Descriptores | PRINCIPIE OF NON -WOIVABILITY |
| 9 (RLIN) | 53310 |
| 650 ## - Temas - Descriptores | |
| Temas - Descriptores | AVAILOBILITY OF RIGHTS TEST |
| 9 (RLIN) | 53311 |
| 650 ## - Temas - Descriptores | |
| Temas - Descriptores | LABOR LEGAL ACT |
| 9 (RLIN) | 53312 |
| 650 ## - Temas - Descriptores | |
| Temas - Descriptores | DISPUTED LABOR RIGHTS |
| 9 (RLIN) | 53313 |
| 700 ## - Autor Personal | |
| Autor Personal | Arce López, Juan José |
| 9 (RLIN) | 47310 |
| 773 0# - Revista (Relacion con el numero) | |
| Host Biblionumber | 22614 |
| Host Itemnumber | 22626 |
| Ciudad, Editorial | Lima Grupo Praxis Formación Profesional, 2026- |
| Codigo barras item/ejemplar | PRALAB002 |
| Titulo de la Revista | Praxis Laboral & Procesal Laboral |
| Número de control de registro | ESSALUD |
| ISSN | 3119-768X |
| 942 ## - Elementos de Koha | |
| Tipo de Documento | Artículos |
| Fecha procesamiento | 2026-07-02 |
| Catalogador | SQB |
No hay ítems disponibles.